|
|
|
|
| LEADER |
01772nam a2200469 a 4500 |
| 001 |
nkc20102121437 |
| 003 |
CZ PrNK |
| 005 |
20101008160408.0 |
| 007 |
ta |
| 008 |
100830s2010 xr a e f 000 0 eng |
| 015 |
|
|
|a cnb002121437
|
| 020 |
|
|
|a 978-80-87335-13-0
|q (kroužková vazba :
|q neprodejné)
|
| 035 |
|
|
|a (OCoLC)670481722
|
| 040 |
|
|
|a BOA001
|b cze
|d ABA001
|
| 043 |
|
|
|a e-xr---
|
| 072 |
|
7 |
|a 378
|x Vysoké školy
|2 Konspekt
|9 22
|
| 080 |
|
|
|a 37.011.3-052-054.68
|2 MRF
|
| 080 |
|
|
|a 378.14
|2 MRF
|
| 080 |
|
|
|a 908(437.3)
|2 MRF
|
| 080 |
|
|
|a (036)
|2 MRF
|
| 245 |
0 |
0 |
|a Guide to studying and living in the Czech Republic
|
| 260 |
|
|
|a [Prague] :
|b Centre for International Services published for the National Agency for European Educational Programmes,
|c 2010
|
| 300 |
|
|
|a 57 s. :
|b barev. il. ;
|c 22 cm
|
| 500 |
|
|
|a Název z obálky
|
| 500 |
|
|
|a 5000 výt.
|
| 504 |
|
|
|a Obsahuje bibliografické odkazy
|
| 650 |
0 |
7 |
|a zahraniční studenti
|7 ph127524
|z Česko
|2 czenas
|
| 650 |
0 |
7 |
|a vysokoškolské studium
|7 ph127279
|z Česko
|2 czenas
|
| 650 |
0 |
9 |
|a foreign students
|z Czechia
|2 eczenas
|
| 650 |
0 |
9 |
|a college study
|z Czechia
|2 eczenas
|
| 655 |
|
7 |
|a informační publikace
|7 fd132454
|2 czenas
|
| 655 |
|
9 |
|a information publications
|2 eczenas
|
| 651 |
|
7 |
|a Česko
|7 ge128065
|x reálie
|2 czenas
|
| 651 |
|
9 |
|a Czechia
|x history and geography
|2 eczenas
|
| 710 |
2 |
|
|a Národní agentura pro evropské vzdělávací programy
|7 mzk2007412371
|
| 910 |
2 |
|
|a BOA001
|b 2-1248.212
|
| 928 |
9 |
|
|a Dům zahraničních služeb MŠMT ČR
|
| 928 |
9 |
|
|a Národní agentura pro evropské vzdělávací programy
|
| 990 |
|
|
|a BK
|
| 995 |
|
|
|a 01
|
| 991 |
|
|
|b 201009
|c NOV
|e n
|
| 996 |
6 |
|
|b 2610446809
|c 2-1248.212
|l MZK
|r Sklad / do 1 hodiny
|n 2
|p p.v.
|w 001139410
|u 000010
|a 1
|e BOA001
|j MZK50
|s P
|